000 00512nam a2200169Ia 4500
008 230718s9999 xx 000 0 und d
020 _a9780241250785
041 _aeng
082 _a650.1
_bKER
100 _aKerpen D.
_9200073
245 _aThe Art Of People
_bThe 11 Simple People Skills That Will Get You Everything You Want
260 _c2017
_bPortfolio /Penguin
300 _a276
365 _cRs.
_b499.00
700 _aKerpen D.
_9200073
906 _dO:0554413-Jun-2017B:320204-May-2017
_cGENRL
_b109.78
999 _c344737
_d344737